00767 2200265 4500001002100000005001500021035002000036007000300056008004100059020002200100082001000122084001600132100002000148245013200168250001000300260003700310300003200347650001100379700001700390700002100407700002400428504002700452990001100479990001100490INLIS00000000000296820190119110916 a0010-0119000320ta190119 a 1 ind  a978-602-50253-4-1 a741.5 a741.5 YOS f0 aYOSEP, Rustandi1 aFabel Pembentuk Karakter :bKisah Sahabat Rimba /cYosep Rustandi; penyunting, Tin Zulaeha, Sulistyo Wibowo, Anggita Linggar P. acet.1 aSurakarta :bVisi Mandiri,c2017 a192 hlm. :bilus. ;c24 cm. aGAMBAR0 aTIN, Zulaeha0 aSULISTYO, Wibowo0 aANGGITA, Linggar P. aBibliografi : hlm. 192 a6421 a a6421 b